Klicke die Länder auf einer grenzenlosen Weltkarte an #1 - Statistiken

Allgemein
  • Dieses Quiz wurde 13.344 mal gespielt
  • Das Durchschnittsergebnis liegt bei 15 aus 25
Antworten auf der Karte
Die Antworten werden auf der Karte rot bzw. grün angezeigt, abhängig davon wie oft sie richtig erraten wurden.
 
Antwortstatistiken
Antwort % Korrekt
Brasilien
98%
Indien
95%
Neuseeland
92%
Mexiko
90%
Schweden
89%
Chile
84%
Ägypten
83%
Marokko
80%
Jemen
65%
Portugal
65%
Papua-Neuguinea
64%
Deutschland
56%
Türkei
56%
Malaysia
51%
Irland
50%
Südafrika
50%
Nigeria
49%
Nordkorea
44%
Kuba
42%
Nicaragua
41%
Seychellen
41%
Iran
40%
Kasachstan
40%
Vietnam
40%
Kenia
33%
Keine übereinstimmenden Quizze gefunden
Verteilung der Resultate
Anzahl Personen mit jedem Resultat
Perzentil nach korrekt beantworteten Fragen
Ihre Resultats-Entwicklung
Sie haben dieses Quiz noch nicht gespielt